书目信息 |
| 题名: |
中国戏曲发展史纲要
|
|
| 作者: | 周贻向 著 | |
| 分册: | ||
| 出版信息: | 上海 上海古籍出版社 1979 |
|
| 页数: | 563页 | |
| 开本: | 20cm | |
| 丛书名: | ||
| 单 册: | ||
| 中图分类: | I207.309 | |
| 科图分类: | ||
| 主题词: | 戏曲史--中国 | |
| 电子资源: | ||
| ISBN: | ||
| 000 | 00592nam0 2200217 45 | |
| 001 | 0179001861 | |
| 005 | 20061111155541.40 | |
| 010 | @dCNY2.05 | |
| 091 | @aCN@b17186.14 | |
| 100 | @a19950718d1979 em y0chiy0121 ea | |
| 101 | 0 | @achi |
| 102 | @aCN@b310000 | |
| 105 | @af z 000zy | |
| 200 | 10 | @a中国戏曲发展史纲要@Azhong guo xi qu fa zhan shi gang yao@f周贻向著 |
| 210 | @a上海@c上海古籍出版社@d1979 | |
| 215 | @a563页@c照片@d20cm | |
| 606 | @a戏曲史@y中国 | |
| 690 | @aI207.309@v3 | |
| 701 | 0 | @a周贻向@Azhou yi xiang@4著 |
| 801 | 0 | @aCN@bTSSF@c20061111 |
| 905 | @a10447@dI207.309@e14 | |
| 中国戏曲发展史纲要/周贻向著.-上海:上海古籍出版社,1979 |
| 563页:照片;20cm |
| ISBN :CNY2.05 |
| ● |
| 相关链接 |
|
|
|
|
正题名:中国戏曲发展史纲要
索取号:I207.309/14
 
预约/预借
| 序号 | 登录号 | 条形码 | 馆藏地/架位号 | 状态 | 备注 |
| 1 | 0027251 | 202444621 | 第一样本阅览室/ [索取号:I207.309/14] | 在馆 |